| 000 | 00407nam a2200181 a 4500 | ||
|---|---|---|---|
| 001 | 1760786493574 | ||
| 003 | ACL | ||
| 005 | 20251018165652.0 | ||
| 008 | 251018s1973##################000#0#eng## | ||
| 020 | _a9783768212366 | ||
| 082 | 0 | 4 |
_a588 _bNOW |
| 245 | 1 | 0 | _aBryophytorum Bibliotheca : |
| 260 | _c1973. | ||
| 300 | _a248 pages | ||
| 650 | 0 | _aBryology. | |
| 942 | _cENGLISH | ||
| 040 |
_aACL _beng _cACL |
||
| 999 |
_c592420 _d592420 |
||